Diabase-gabbro sills and related rocks of Banks and Victoria Islands, Arctic Archipelago, (Record no. 30141)

MARC details
000 -LEADER
fixed length control field 00941cam a22002771 4500
001 - CONTROL NUMBER
control field gs 65000456
003 - CONTROL NUMBER IDENTIFIER
control field DLC
005 - DATE AND TIME OF LATEST TRANSACTION
control field 20260227111418.0
008 - FIXED-LENGTH DATA ELEMENTS--GENERAL INFORMATION
fixed length control field 720225s1964 xx 000 0 eng
010 ## - LIBRARY OF CONGRESS CONTROL NUMBER
LC control number gs 65000456
035 ## - SYSTEM CONTROL NUMBER
System control number (OCoLC)249688
040 ## - CATALOGING SOURCE
Original cataloging agency DLC
Transcribing agency OAkU
Modifying agency DLC
041 0# - LANGUAGE CODE
Language code of text/sound track or separate title eng
Language code of summary or abstract engfre
042 ## - AUTHENTICATION CODE
Authentication code premarc
050 00 - LIBRARY OF CONGRESS CALL NUMBER
Classification number QE185
Item number .A43 no. 105
100 1# - MAIN ENTRY--PERSONAL NAME
Personal name Christie, Robert Loring,
Dates associated with a name 1926-
245 10 - TITLE STATEMENT
Title Diabase-gabbro sills and related rocks of Banks and Victoria Islands, Arctic Archipelago,
Statement of responsibility, etc. by R.L. Christie.
260 ## - PUBLICATION, DISTRIBUTION, ETC.
Place of publication, distribution, etc. [Ottawa]
Name of publisher, distributor, etc. Dept. of Mines and Technical Surveys, Canada
Date of publication, distribution, etc. [1964]
300 ## - PHYSICAL DESCRIPTION
Extent 13 p.
Other physical details illus., 2 fold. col. maps (in pocket)
410 20 - SERIES STATEMENT/ADDED ENTRY--CORPORATE NAME [OBSOLETE, CAN/MARC], [LOCAL, USA]
Corporate name or jurisdiction name as entry element Geological Survey of Canada.
Title of a work Bulletin
Volume number/sequential designation 105
500 ## - GENERAL NOTE
General note Abstract also in French.
504 ## - BIBLIOGRAPHY, ETC. NOTE
Bibliography, etc. note Bibliography: p. 13.
650 #0 - SUBJECT ADDED ENTRY--TOPICAL TERM
Topical term or geographic name entry element Igneous rocks.
650 #0 - SUBJECT ADDED ENTRY--TOPICAL TERM
Topical term or geographic name entry element Petrology
Geographic subdivision Arctic regions.
650 #0 - SUBJECT ADDED ENTRY--TOPICAL TERM
Topical term or geographic name entry element Petrology
Geographic subdivision Northwest Territories
-- Franklin.

No items available.

Powered by Koha